000
00345pab a2200145 454500
008
180718b1988 xxu||||| |||| 00| 0 eng d
100
_a
Chakraborty, D.
245
_a
A look at the consumer price index
260
_c
1988
300
_a
187-8
362
_a
Mar.
650
_a
Prices - India
773
_a
Management Accountant
909
_a
16108
999
_c
16108
_d
16108